000 00357pab a2200145 454500
008 180718b2004 xxu||||| |||| 00| 0 eng d
100 _aChopra, Rakesh
245 _aThe maritime dimension of energy security
260 _c2004
300 _ap.376-86.
362 _aJul-Sep
650 _aInternational relations
773 _aUSI Journal
909 _a63033
999 _c63033
_d63033